000 00639cam a2200205 i 4500
005 20251108165527.0
008 250721s1999 le gr 000 0 ara d
041 1 _aara
_hfre
082 1 4 _a155.232
_bأ ن د
100 1 _aأندريه، كريستوف
_eمترجم.
245 1 0 _aالخجل /
_cتعريب د. جورجيت الحداد.
264 1 _aبيروت :
_bعويدات للنشر،
_c1999.
300 _a129 صفحة.
650 1 7 _aعلم النفس.
650 1 7 _aالخجل.
650 1 7 _aالعواطف.
700 1 _aالحداد، جورجيت
_eترجمة.
942 _2ddc
_cBK
999 _c30013
_d30013